| 000 | 00833nam a22003257b 4500 | ||
|---|---|---|---|
| 001 | 675546 | ||
| 003 | DO-SdBNP | ||
| 005 | 20180202100912.0 | ||
| 007 | 675546 | ||
| 008 | 970912s1997 sp | ||| ||spa | ||
| 016 | 7 |
_a _2BPMSU |
|
| 017 |
_a _b |
||
| 020 | _a8440672349 | ||
| 035 | _a | ||
| 040 |
_aBPMSU _bspa _cBPMSU _e |
||
| 041 | 1 |
_aspa _h |
|
| 080 | 0 | _a | |
| 100 | 1 |
_aStine, R. L. _d1943- |
|
| 240 | 1 | 4 |
_aThe prom queen _lespañol |
| 245 | 1 | 3 |
_aRilistine : _bLa reina del baile / _h _cR.L. Stine ; traducción, Joan Soler |
| 250 | _a | ||
| 260 |
_aBarcelona : _bEdiciones B _c1997 |
||
| 300 |
_a154 p.: _c20 cm |
||
| 490 | 0 |
_aLa calle del terror _v14 |
|
| 700 |
_4Soler, Joan _etr. |
||
| 830 |
_aLa calle del terror _v14 |
||
| 942 |
_2ddc _cBK |
||
| 945 | _aInventariado, 2018/ YL | ||
| 956 | _aVMATEO | ||
| 999 |
_c9790 _d9790 |
||